000 00298nam a22001337a 4500
008 180308b xxu||||| |||| 00| 0 eng d
020 _a9780307473455
041 _aeng
080 _a336
100 _a56
101 _aFIN
245 _aThe origin of financial crises
_cCooper,G
942 _2udc
_cBK
999 _c44486
_d44486